Teaching fundamental motor skills /

Bibliographic Details
Main Authors: Colvin, A. Vonnie, 1951- (Author), Markos, Nancy J. Egner, 1949- (Author), Walker, Pamela J., 1953- (Author)
Format: Book
Language:English
Published: Champaign, IL : Human Kinetics, [2016]
Edition:Third edition.
Subjects:

MARC

Tag First Indicator Second Indicator Subfields
LEADER 00000cam a2200000 i 4500
001 in00003734026
005 20200622160406.0
008 151027s2016 ilu b 000 0 eng
010 |a  2015028892 
035 |a (OCoLC)ocn928238649 
040 |a DLC  |b eng  |e rda  |c DLC  |d OCLCF  |d IVV  |d GZU  |d YDX 
020 |a 9781492521266 
020 |a 1492521264 
024 8 |a 40026751083 
035 |a (OCoLC)928238649 
042 |a pcc 
050 0 0 |a GV443  |b .C59 2016 
082 0 0 |a 372.86  |2 23 
049 |a TXAM 
100 1 |a Colvin, A. Vonnie,  |d 1951-  |e author. 
240 1 0 |a Teaching the nuts and bolts of physical education 
245 1 0 |a Teaching fundamental motor skills /  |c A. Vonnie Colvin, Nancy J. Egner Markos, Pamela J. Walker. 
250 |a Third edition. 
264 1 |a Champaign, IL :  |b Human Kinetics,  |c [2016] 
300 |a xi, 298 pages ;  |c 28 cm 
336 |a text  |b txt  |2 rdacontent 
337 |a unmediated  |b n  |2 rdamedia 
338 |a volume  |b nc  |2 rdacarrier 
500 |a This book is a revised edition of Teaching the Nuts and Bolts of Physical Education published in 2008. 
504 |a Includes bibliographical references. 
650 0 |a Physical education for children. 
650 0 |a Movement education. 
650 7 |a Movement education.  |2 fast  |0 (OCoLC)fst01028507 
650 7 |a Physical education for children.  |2 fast  |0 (OCoLC)fst01062486 
700 1 |a Markos, Nancy J. Egner,  |d 1949-  |e author. 
700 1 |a Walker, Pamela J.,  |d 1953-  |e author. 
945 |b 944265 
947 |a A14850036923 
994 |a 92  |b TXA 
948 |a Cataloged  |b h  |c 2017/1/25  |d c  |e CFlores  |f 3:18:05 PM 
999 f f |s 1df1334a-1928-37f8-b012-62f90be478e3  |i 0bb88e41-fe67-3761-9d2b-e0063339abf8  |t 0 
952 f f |p normal  |a Texas A&M University  |b College Station  |c Sterling C. Evans Library  |s Evans stk  |d Evans: Library Stacks  |t 0  |e GV443 .C59 2016  |h Library of Congress classification  |i unmediated -- volume  |m A14851540261 
998 f f |a GV443 .C59 2016  |t 0  |l Evans: Library Stacks